00461nam a2200169Ia 4500008004100000041001200041082001200053100002600065245004000091365000800131520002000139546001200159630004000171650002000211655002000231730004000251101110s9999 xx 000 0 und d aENGLISH bSR12463 aGopvt. of Maharashtra aThe Societies Registration Act 1860 b0.5 aReference Books aENGLISH aThe Societies Registration Act 1860 aReference Books aReference Books aThe Societies Registration Act 1860